书目信息 |
| 题名: |
关键 管理模型
|
|
| 作者: | 哈韦 主编 | |
| 分册: | ||
| 出版信息: | 北京 中国市场出版社 2007.11 |
|
| 页数: | 288页 | |
| 开本: | 28cm | |
| 丛书名: | ||
| 单 册: | ||
| 中图分类: | F270.7 | |
| 科图分类: | ||
| 主题词: | 企业经济 | |
| 电子资源: | ||
| ISBN: | 978-7-5092-0251-7 | |
| 000 | 00577nam0 2200217 45 | |
| 001 | 0940348722 | |
| 005 | 20091009111457.30 | |
| 010 | @a978-7-5092-0251-7@dCNY60.00 | |
| 100 | @a20090515d2007 ekmy0 y0120 ea | |
| 102 | @aCN@b130000 | |
| 102 | @aCN@b110000 | |
| 105 | @ay z 000yy | |
| 200 | 1 | @a关键 管理模型@f(英)哈韦主编@F(ying)ha wei zhu bian |
| 210 | @a北京@c中国市场出版社@d2007.11 | |
| 215 | @a288页@d28cm | |
| 606 | 0 | @a企业经济 |
| 690 | @aF270.7@v4 | |
| 701 | 0 | @a哈韦@Aha wei@4主编 |
| 801 | 0 | @aCN@c20091009 |
| 905 | @a10447@dF270.7@eS570 | |
| 906 | @d60@n2@r1 | |
| 关键 管理模型/(英)哈韦主编.-北京:中国市场出版社,2007.11 |
| 288页;28cm |
| ISBN 978-7-5092-0251-7:CNY60.00 |
| ● |
| 相关链接 |
|
|
|
正题名:关键 管理模型
索取号:F270.7/S570
 
预约/预借
| 序号 | 登录号 | 条形码 | 馆藏地/架位号 | 状态 | 备注 |
| 1 | 890116 | 208901161 | 社科库409/409社科库 86排3列5层/ [索取号:F270.7/S570] | 在馆 | |
| 2 | 890117 | 208901170 | 社科库409/409社科库 86排3列5层/ [索取号:F270.7/S570] | 在馆 |